| 000 | 00934nam a2200301Ia 4500 | ||
|---|---|---|---|
| 003 | OSt | ||
| 005 | 20220912145244.0 | ||
| 006 | a|||||r|||| 00| 0 | ||
| 007 | ta | ||
| 008 | 220909b |||||||| |||| 00| 0 eng d | ||
| 020 | _a9789380108162 (pbk) | ||
| 024 | _a90925 | ||
| 037 | _b895, 25/01/2010, Ashutosh Technical Books | ||
| 037 | _cTextbook | ||
| 040 |
_aCSL _beng _cCSL |
||
| 041 | _aeng | ||
| 082 | _aB7, P9 TB | ||
| 100 | _aHasbun Javier E | ||
| 245 | 0 | _aClassical mechanics with matlab applications | |
| 260 |
_aBoston _bJones and Batlett Publishers _c2009 |
||
| 300 |
_axvi, 548p. _ccm. |
||
| 500 | _aAppendix A-D, 507-536p.; References 537-538p.; Index 539-548p. | ||
| 650 | _a Classical mechanics | ||
| 650 | _aMathematics | ||
| 942 |
_hB7, P9 TB _cTB _2CC |
||
| 999 |
_c27055 _d27055 |
||